000 01023nam a22003377a 4500
001 BR2014001387
003 BR-BrBNA
005 20230928104408.0
007 ta
008 230509b bl.||||| |||| 00| 0 por d
040 _aBR-BrBNA
_bpor
_cBiblioteca Nacional de Agricultura
041 _a(Por)
072 _aP01; E50
090 _ P01 BR2014001387
100 1 _aMiranda, A.B.L.
110 1 _aUniversidade Federal de Lavras, MG (Brasil)
_0Tese (Doutorado)
245 1 _aEcoturismo em unidades de conservação: proposta de gestão ecoeficiente integrada
260 3 _aLavras, MG (Brasil):
_c2013.
300 _a186 p.
500 _aSummaries (Eng, Por); Several bibliography; 29 illus.; 23 tables
650 _aECOLOGIA
650 _aTURISMO
650 _aADMINISTRAÇÃO PÚBLICA
650 _aPRESERVAÇÃO DA NATUREZA
650 _aPARQUE ESTADUAL
650 _aLEGISLAÇÃO
650 _aPOLÍTICAS PÚBLICAS
650 _aMINAS GERAIS
909 _a202309
_bLucia
_c55
_dLucia Elande
942 _cBK
999 _c79671
_d79671